000 00329nam a22001337a 4500
008 250811b |||||||| |||| 00| 0 eng d
020 _a0669102229
050 _aHD 58.8
_b.H37
100 _aHARRIGAN RUDIE KATHRYN
245 _aSTRATEGIC FLEXIBILITY
260 _aCANADA
_bLEXINGTON BOOKS
_c1985
300 _a208p.
942 _cBK
999 _c4459
_d4459